000
00331cam a2200145ua 4500
003
OSt
008
231003b |||||||| |||| 00| 0 eng d
041
_a
mal
082
_a
894.81209
_b
KAV/UL
245
_a
Ulloorkavitha /
250
_a
1 /
260
_a
Trivandrum :
_b
Kavithasamithi ,
_c
1963.
300
_a
111 ; .
942
_c
BK
999
_c
12799
_d
12799